Countries of North America Quiz Stats

 Plays Quiz Updated Dec 7, 2016

Score 0/23 Timer 10:00
112 Plays Today
% Correct
United
States
98.7%
Canada
98.6%
Mexico
98.5%
Cuba
92.2%
Panama
86.7%
Haiti
84.6%
Dominican
Republic
79.5%
Dominica
79.5%
Jamaica
78.7%
Costa
Rica
76.8%
Honduras
75.8%
Bahamas
74.2%
% Correct
Guatemala
74%
Nicaragua
72%
El
Salvador
71.3%
Belize
70.3%
Trinidad
and
Tobago
61.8%
Barbados
61.6%
Saint
Lucia
55.7%
Saint
Kitts
and
Nevis
54.1%
Grenada
51.8%
Saint
Vincent
and
the
Grenadines
50.2%
Antigua
and
Barbuda
46%

You're not logged in!

Compare scores with friends on all Sporcle quizzes.
OR
Log In

Sporcle TV

Today on Sporcle TV


Watch our educational content, quiz creation guides, and fun videos on Sporcle TV.

Show Comments

Extras

Top Quizzes Today


Score Distribution

Your Account Isn't Verified!

In order to create a playlist on Sporcle, you need to verify the email address you used during registration. Go to your Sporcle Settings to finish the process.

Report this User

Report this user for behavior that violates our Community Guidelines.

Details: